Acción del calor sobre los hormigones: hormigones refractarios y aislantes

-д хадгалсан:
Номзүйн дэлгэрэнгүй
Үндсэн зохиолч: Mallol Forné, Ramón (autor)
Формат: Ном
Хэл сонгох:испани
Хэвлэсэн: Madrid I.E.T 1961
Цуврал:Monografías del Instituto Eduardo Torroja de la Construcción y del Cemento, 217
Нөхцлүүд:
Шошгууд: Шошго нэмэх
Шошго байхгүй, Энэхүү баримтыг шошголох эхний хүн болох!

MARC

LEADER 00000nam a2200000 a 4500
001 UCU7705
003 CL-VaPUC
008 960705e19610000SP |||||||||||||||||spa|d
082 0 4 |a 666.894  |b MAL  |2 21 
100 |a Mallol Forné, Ramón  |e autor  |9 366738 
245 1 0 |a Acción del calor sobre los hormigones: hormigones refractarios y aislantes 
300 |a 56 p 
942 |c BK 
945 |d 19960705 00:00:00  |a paguirre 
260 |a Madrid  |b I.E.T  |c 1961 
650 0 |a Tecnología química   |9 263002 
650 0 |a Hormigones  |9 262546 
650 7 |a CEMENTOS  |2 CL-VaPUC  |9 262741 
650 0 |a Materiales de construcción  |9 260197 
650 0 |a Materiales refractarios  |9 365590 
650 7 |a MATERIALES RESISTENTES AL FUEGO  |2 CL-VaPUC  |9 361830 
583 |a last modification  |c 19960705 00:00:00  |k Rodrigo Vera 
490 0 |a Monografías del Instituto Eduardo Torroja de la Construcción y del Cemento, 217 
999 |c 250293  |d 250291